Countries with '&' in their Names - Statistics

General Stats
  • This quiz has been taken 149 times
  • The average score is 5 of 6
Answer Stats
Answer % Correct
Antigua & Barbuda
91%
St. Kitts & Nevis
87%
Trinidad & Tobago
87%
St. Vincent & the Grenadines
81%
Bosnia & Herzegovina
71%
São Tomé & Principe
65%
No matching quizzes found
Score Distribution
Percent of People with Each Score
Percentile by Number Answered
Your Score History
You have not taken this quiz